[Event "XX Weekend B"]
[Site "Ceriano Laghetto ITA"]
[Date "2011.04.01"]
[Round "1"]
[White "Alberio, Silvio"]
[Black "Veri', Giustino"]
[Result "1/2-1/2"]
[WhiteElo "1821"]
[BlackElo "1661"]
[PlyCount "99"]
[EventDate "2011.04.01"]

1. d4 Nf6 2. c4 g6 3. Nc3 d5 4. cxd5 Nxd5 5. e4 Nxc3 6. bxc3 Bg7 7. Bc4 c5 8.
Ne2 Nc6 9. Be3 O-O 10. O-O cxd4 11. cxd4 Bg4 12. f3 Bd7 13. Rc1 Na5 14. Bd3 Rc8
15. Qd2 Rxc1 16. Rxc1 a6 17. d5 e6 18. Bf4 e5 19. Be3 b5 20. Bc5 Re8 21. Qe3
Nb7 22. Bb6 Qh4 23. g3 Qh3 24. Qf2 Rc8 25. a4 Rxc1+ 26. Nxc1 Bh6 27. axb5 Bxb5
28. Bxb5 axb5 29. Nd3 f6 30. Qc2 Qd7 31. Qc6 Qxc6 32. dxc6 Nd6 33. Kf1 Nc8 34.
Ba5 Kf7 35. Nb4 Bd2 36. Ke2 Bxb4 37. Bxb4 Ke8 38. Kd3 Na7 39. c7 Kd7 40. Ba5
Nc8 41. f4 Nd6 42. fxe5 fxe5 43. h3 Ne8 44. Bc3 Nxc7 45. Bxe5 Ne6 46. Bf6 Kc6
47. Bb2 Kc5 48. h4 h5 49. Bf6 b4 50. Be7+ 1/2-1/2

[Event "XX Weekend B"]
[Site "Ceriano Laghetto ITA"]
[Date "2011.04.01"]
[Round "1"]
[White "Bertamini, Alberto"]
[Black "Fornasir, Carlo Gustavo"]
[Result "0-1"]
[WhiteElo "1692"]
[BlackElo "1879"]
[PlyCount "66"]
[EventDate "2011.04.01"]

1. d4 Nf6 2. c4 e5 3. d5 Bc5 4. Nc3 d6 5. h3 Bf5 6. Bg5 Nbd7 7. g4 Bg6 8. Bg2
O-O 9. Nf3 c6 10. Nd2 Qb6 11. e3 Qxb2 12. Na4 Qa3 13. Nxc5 Qxc5 14. e4 cxd5 15.
cxd5 Qd4 16. Be3 Qd3 17. Qe2 Qxe2+ 18. Kxe2 Rfc8 19. Rac1 b6 20. f3 Kf8 21. h4
h6 22. h5 Bh7 23. g5 hxg5 24. Bxg5 Rxc1 25. Rxc1 Nxh5 26. Rh1 Ng3+ 27. Kd3 Nxh1
28. Bxh1 Nf6 29. Bxf6 gxf6 30. Bg2 f5 31. Bh3 fxe4+ 32. fxe4 Ke7 33. Kc3 Rb8
0-1

[Event "XX Weekend B"]
[Site "Ceriano Laghetto ITA"]
[Date "2011.04.01"]
[Round "1"]
[White "Brioschi, Camillo"]
[Black "Milu, Tatiana"]
[Result "1-0"]
[WhiteElo "1853"]
[BlackElo "1665"]
[PlyCount "71"]
[EventDate "2011.04.01"]

1. d4 d5 2. c4 c6 3. Nf3 e6 4. Nc3 Nf6 5. Bg5 Be7 6. e3 Nbd7 7. Qc2 Nh5 8. h4
h6 9. Bxe7 Qxe7 10. Be2 Nhf6 11. Ne5 Nxe5 12. dxe5 Nd7 13. f4 Qc5 14. Qd3 Qb4
15. O-O-O Qxc4 16. Qxc4 dxc4 17. Ne4 O-O 18. Nd6 Nb6 19. e4 Rb8 20. g4 f6 21.
exf6 Rxf6 22. g5 hxg5 23. hxg5 Rxf4 24. Rh2 Kf8 25. Rh8+ Ke7 26. Rg8 e5 27.
Rxg7+ Kf8 28. Rh7 Be6 29. Rh8+ Bg8 30. Nf5 Rxe4 31. Rd6 Nd5 32. Bf3 Rf4 33.
Bxd5 Rxf5 34. Rxg8+ Ke7 35. Re6+ Kd7 36. Rxb8 1-0

[Event "XX Weekend B"]
[Site "Ceriano Laghetto ITA"]
[Date "2011.04.01"]
[Round "1"]
[White "Canciani, Alberto"]
[Black "Visigalli, Cesare"]
[Result "0-1"]
[WhiteElo "1601"]
[BlackElo "1798"]
[PlyCount "94"]
[EventDate "2011.04.01"]

1. c4 c6 2. Nc3 e6 3. e4 d5 4. cxd5 cxd5 5. Bb5+ Nc6 6. exd5 exd5 7. d4 Bb4 8.
Qa4 Bxc3+ 9. bxc3 Bd7 10. Ne2 Nge7 11. Qc2 a6 12. Bd3 Rc8 13. Qb2 b5 14. Bf4
Ng6 15. Bg3 O-O 16. O-O h5 17. h3 h4 18. Bh2 f5 19. f4 Qc7 20. a4 bxa4 21. Bxa6
Rb8 22. Qa2 Nce7 23. Rfc1 Rb3 24. Rab1 Rfb8 25. Rxb3 Rxb3 26. Bd3 Qb6 27. Rb1
Rxb1+ 28. Qxb1 Qxb1+ 29. Bxb1 Bb5 30. Nc1 Bc4 31. Ba2 Kf7 32. Bxc4 dxc4 33. Na2
Nd5 34. Kf2 Ngxf4 35. Kf3 Nd3 36. Bb8 g5 37. g3 hxg3 38. Kxg3 Nb2 39. Bd6 Nd1
40. Bb4 Ke6 41. Ba5 Kf6 42. Bd8+ Kg6 43. Ba5 Kh5 44. Nb4 N1xc3 45. Nc2 Nb5 46.
Bb4 Nxb4 47. Nxb4 Nxd4 0-1

[Event "XX Weekend B"]
[Site "Ceriano Laghetto ITA"]
[Date "2011.04.01"]
[Round "1"]
[White "Carbone, Lorenzo"]
[Black "Rossi, Giampiero"]
[Result "1/2-1/2"]
[WhiteElo "1733"]
[BlackElo "1954"]
[PlyCount "104"]
[EventDate "2011.04.01"]

1. e4 c5 2. Nf3 e6 3. d4 cxd4 4. Nxd4 a6 5. Be2 Nf6 6. Nd2 d6 7. O-O Be7 8. Kh1
Bd7 9. f4 Nc6 10. N4b3 O-O 11. Bf3 Qc7 12. a4 Rab8 13. Nc4 b5 14. axb5 axb5 15.
Nxd6 Bxd6 16. e5 Nxe5 17. fxe5 Bxe5 18. h3 Rbc8 19. c3 b4 20. cxb4 Qc2 21. Nc5
Qxd1 22. Rxd1 Bc6 23. Bxc6 Rxc6 24. Ra7 Rfc8 25. g4 Nd5 26. Rd7 h6 27. Nd3 Bf6
28. Rb7 Be7 29. b5 R6c7 30. Rxc7 Rxc7 31. Bd2 Rb7 32. Ra1 Rxb5 33. Ra8+ Kh7 34.
Ra2 Rb3 35. Ne5 Bf6 36. Nxf7 Rxh3+ 37. Kg2 Rb3 38. Bc1 Nb4 39. Ra3 Rxa3 40.
bxa3 Nd3 41. Bd2 Nc5 42. Bb4 Na4 43. Kf3 g5 44. Ke4 Bg7 45. Nd8 e5 46. Nf7 Kg6
47. Nxe5+ Bxe5 48. Kxe5 h5 49. gxh5+ Kxh5 50. Ke4 Kg4 51. Be7 Nc3+ 52. Ke3 Na4
1/2-1/2

[Event "XX Weekend B"]
[Site "Ceriano Laghetto ITA"]
[Date "2011.04.01"]
[Round "1"]
[White "Cervini, Gian Piero"]
[Black "Regorda, Vittorio"]
[Result "1-0"]
[WhiteElo "1712"]
[BlackElo "1884"]
[PlyCount "152"]
[EventDate "2011.04.01"]

1. e4 e5 2. Nf3 d6 3. d4 exd4 4. Nxd4 Be7 5. Nc3 Nf6 6. Bd3 Nc6 7. Be3 Ne5 8.
Qd2 Nfg4 9. Bf4 Ng6 10. Bg3 O-O 11. f4 c6 12. h3 Bh4 13. Nce2 Bxg3+ 14. Nxg3
Qh4 15. Nde2 Nh6 16. O-O-O b5 17. Nf5 Nxf5 18. exf5 Ne7 19. g3 Qh6 20. g4 d5
21. Ng3 Qd6 22. g5 f6 23. gxf6 Qxf6 24. Rdg1 Qh6 25. Qe2 Nxf5 26. Nh5 g6 27.
Rg5 Bd7 28. Qe5 Ng7 29. Nf6+ Rxf6 30. Qxf6 Rf8 31. Qd6 Bf5 32. Bxf5 Nxf5 33.
Qxc6 Qh4 34. Qxd5+ Kg7 35. Qe5+ Rf6 36. Rd1 Nh6 37. Rd7+ Nf7 38. Rxa7 Qxh3 39.
Rg1 Qf3 40. Rc7 Qxf4+ 41. Qxf4 Rxf4 42. Rb7 b4 43. Kd2 h5 44. Ke3 Rf5 45. Rxb4
g5 46. a4 g4 47. Rf4 Re5+ 48. Kf2 Ng5 49. Rh1 Kg6 50. Rf8 Nh3+ 51. Rxh3 gxh3
52. Rg8+ Kf5 53. Rg3 h4 54. Rxh3 Kg4 55. Rd3 Re4 56. c3 Rf4+ 57. Kg2 h3+ 58.
Rxh3 Rxa4 59. Rd3 Ra2 60. Rd4+ Kf5 61. Rb4 Ke5 62. Kf3 Ra1 63. Ke3 Kd5 64. Kd3
Rd1+ 65. Kc2 Rh1 66. Kb3 Kc5 67. Rg4 Rh3 68. Rg5+ Kc6 69. Kb4 Rh2 70. b3 Rh6
71. c4 Rf6 72. Ka5 Rf3 73. Rb5 Rg3 74. Kb4 Rh3 75. Rg5 Rh6 76. Ra5 Rh3 1-0

[Event "XX Weekend B"]
[Site "Ceriano Laghetto ITA"]
[Date "2011.04.01"]
[Round "1"]
[White "Colombo, Luca"]
[Black "Conta, Diego"]
[Result "1-0"]
[WhiteElo "1855"]
[BlackElo "1688"]
[PlyCount "109"]
[EventDate "2011.04.01"]

1. e4 c5 2. Nc3 Nc6 3. g3 d6 4. Bg2 Nf6 5. d3 g6 6. h3 Bg7 7. Be3 Bd7 8. Qd2
O-O 9. Bh6 Rb8 10. Bxg7 Kxg7 11. Nge2 b5 12. O-O Qc8 13. g4 h5 14. g5 Ne8 15.
h4 Bh3 16. Nf4 Bxg2 17. Nxg2 Nd4 18. f3 Qh3 19. Qf2 e5 20. Nd5 Rb7 21. c3 Ne6
22. f4 Nxf4 23. Ndxf4 exf4 24. Nxf4 Qd7 25. Rae1 Nc7 26. e5 dxe5 27. Rxe5 Qd6
28. Rfe1 Ne6 29. Nd5 Nd8 30. Qf6+ Qxf6 31. gxf6+ Kh6 32. Re7 g5 33. hxg5+ Kxg5
34. R1e2 Kh6 35. Kh2 Rg8 36. Rxb7 Nxb7 37. Re7 Nd6 38. Rxa7 Rg5 39. Nc7 Kg6 40.
Ra6 Nf5 41. Nxb5 Ne3 42. b4 cxb4 43. c4 Rc5 44. Nd4 Nf5 45. Nf3 Rc7 46. d4 Ne3
47. c5 Kf5 48. Nd2 Nd5 49. a3 bxa3 50. Rxa3 Nxf6 51. Rf3+ Ke6 52. Kh3 Rc8 53.
Nc4 Rd8 54. Nd6 Rd7 55. Kh4 1-0

[Event "XX Weekend B"]
[Site "Ceriano Laghetto ITA"]
[Date "2011.04.01"]
[Round "1"]
[White "Ferraris, Fulvio"]
[Black "Burani, Eugenio"]
[Result "0-1"]
[WhiteElo "1719"]
[BlackElo "1901"]
[PlyCount "48"]
[EventDate "2011.04.01"]

1. d4 Nf6 2. c4 c5 3. Nf3 cxd4 4. Nxd4 Nc6 5. Nxc6 bxc6 6. Nc3 g6 7. Bg5 Bg7 8.
e3 Qa5 9. Bxf6 Bxf6 10. Qc2 Rb8 11. Rc1 Qb4 12. b3 O-O 13. Bd3 d5 14. O-O Be6
15. Ne2 dxc4 16. Bxc4 Bg4 17. Rfd1 Rbd8 18. Rxd8 Rxd8 19. Rd1 Rd6 20. f3 Bd7
21. Kf1 a5 22. Ng3 Bg7 23. Ke2 Kf8 24. f4 Bg4+ 0-1

[Event "XX Weekend B"]
[Site "Ceriano Laghetto ITA"]
[Date "2011.04.01"]
[Round "1"]
[White "Mancin, Mariano"]
[Black "Carletti, Davide M."]
[Result "1-0"]
[WhiteElo "1907"]
[BlackElo "1723"]
[PlyCount "79"]
[EventDate "2011.04.01"]

1. e4 e5 2. Nf3 Nc6 3. d4 exd4 4. Bc4 Bb4+ 5. c3 dxc3 6. bxc3 Bc5 7. Bxf7+ Kxf7
8. Qd5+ Ke8 9. Qxc5 Qe7 10. Qb5 Qxe4+ 11. Be3 a6 12. Qe2 Ne5 13. Nxe5 Qxe5 14.
O-O Nf6 15. Re1 Kf7 16. f4 Qe6 17. Nd2 Re8 18. Qd3 Qd5 19. Qc2 d6 20. Nf3 Bf5
21. Qb2 b6 22. c4 Qd3 23. Rad1 Qc2 24. Qa1 Be4 25. Rc1 Qd3 26. Rc3 Ng4 27. Rxd3
Bxd3 28. Qd4 Bg6 29. h3 Nf6 30. Bd2 Red8 31. g4 c5 32. Qb2 Be4 33. Ng5+ Kg8 34.
Nxe4 Nxe4 35. Rxe4 Ra7 36. Qxb6 Rad7 37. Qxa6 d5 38. cxd5 Rxd5 39. Qe6+ Kf8 40.
Qe7+ 1-0

[Event "XX Weekend B"]
[Site "Ceriano Laghetto ITA"]
[Date "2011.04.01"]
[Round "1"]
[White "Marchini, Daniele"]
[Black "Vuckovic, Dimitrije"]
[Result "1-0"]
[WhiteElo "1809"]
[BlackElo "1615"]
[PlyCount "101"]
[EventDate "2011.04.01"]

1. d4 Nf6 2. c4 g6 3. Nc3 Bg7 4. e4 d6 5. Nf3 O-O 6. Be2 Nc6 7. h3 e5 8. Be3
Nd7 9. a3 Ne7 10. b4 f5 11. d5 f4 12. Bd2 c6 13. Qb3 c5 14. Nb5 Rf6 15. Ng5 Nf8
16. Rb1 a6 17. Nc3 h6 18. Nf3 Nd7 19. b5 b6 20. bxa6 Bxa6 21. Na4 Nc8 22. Nc3
g5 23. Nh2 Qe7 24. Bg4 Kh8 25. Qa4 Ra7 26. Nb5 Bxb5 27. Qxb5 Rb7 28. Qc6 Nf8
29. Qxc8 Rc7 30. Qa6 Ra7 31. Qxb6 Rxa3 32. O-O Ng6 33. Nf3 Rf8 34. Rb3 Raa8 35.
Rfb1 Qf6 36. Qc7 Rf7 37. Rb8+ Kh7 38. Qc8 Ne7 39. Qe6 Ra7 40. Qxf6 Bxf6 41.
R1b7 Ra4 42. Bf5+ Kg7 43. Be6 Rf8 44. Rxf8 Kxf8 45. Rd7 Rxc4 46. Rxd6 Rxe4 47.
Bg4 Ra4 48. Rxf6+ Kg7 49. Re6 Nc8 50. Rxe5 Nd6 51. Bc3 1-0

[Event "XX Weekend B"]
[Site "Ceriano Laghetto ITA"]
[Date "2011.04.01"]
[Round "1"]
[White "Mason, Giovanni"]
[Black "Ranfagni, Stefano"]
[Result "0-1"]
[WhiteElo "1730"]
[BlackElo "1965"]
[PlyCount "64"]
[EventDate "2011.04.01"]

1. e4 c5 2. Nf3 Nc6 3. Nc3 d6 4. h3 Nf6 5. Bb5 Bd7 6. d3 a6 7. Bxc6 Bxc6 8. O-O
Qc7 9. Bg5 h6 10. Be3 e6 11. Ne2 Be7 12. a4 d5 13. Bf4 Qb6 14. e5 Nh5 15. Bc1
d4 16. Ne1 g6 17. c4 Qc7 18. g4 Ng7 19. Bf4 g5 20. Bh2 h5 21. Ng3 hxg4 22. Qxg4
Rh4 23. Qe2 O-O-O 24. Ng2 Rxh3 25. f4 Rdh8 26. Ne1 Rxh2 27. Qxh2 Rxh2 28. Kxh2
gxf4 29. Ne2 Qxe5 30. Nxf4 Nh5 31. Neg2 Bxg2 32. Kxg2 Nxf4+ 0-1

[Event "XX Weekend B"]
[Site "Ceriano Laghetto ITA"]
[Date "2011.04.01"]
[Round "1"]
[White "Mazzoccoli, Simone"]
[Black "Guzzetti, Luigi Enrico"]
[Result "0-1"]
[WhiteElo "1728"]
[BlackElo "1908"]
[PlyCount "96"]
[EventDate "2011.04.01"]

1. e4 c5 2. Nc3 e6 3. g3 Nc6 4. Bg2 Nf6 5. d3 Be7 6. Nge2 d6 7. O-O a6 8. h3
Qc7 9. a4 Bd7 10. Be3 O-O 11. Qd2 Rac8 12. f4 d5 13. e5 d4 14. exf6 dxe3 15.
Qxe3 Bxf6 16. Qxc5 Nd4 17. Qxc7 Rxc7 18. Nxd4 Bxd4+ 19. Kh1 Bxc3 20. bxc3 Rxc3
21. Bxb7 Rxc2 22. Rfc1 Rxc1+ 23. Rxc1 g6 24. Bxa6 Bxa4 25. Rc8 Rxc8 26. Bxc8
Kf8 27. Kg2 Ke7 28. Kf3 Kd6 29. Bb7 Bc6+ 30. Bxc6 Kxc6 31. Ke4 Kd6 32. Kd4 f5
33. Kc4 Kc6 34. Kb4 Kd5 35. Kc3 h6 36. h4 e5 37. fxe5 Kxe5 38. d4+ Kd5 39. Kd3
g5 40. Ke3 Kc4 41. h5 Kd5 42. Kd3 f4 43. g4 f3 44. Ke3 f2 45. Ke2 Kxd4 46. Kxf2
Ke4 47. Kg3 Ke3 48. Kg2 Kf4 0-1

[Event "XX Weekend B"]
[Site "Ceriano Laghetto ITA"]
[Date "2011.04.01"]
[Round "1"]
[White "Megassini, Stefano"]
[Black "Losi, Enrico"]
[Result "1/2-1/2"]
[WhiteElo "1814"]
[BlackElo "1634"]
[PlyCount "74"]
[EventDate "2011.04.01"]

1. d4 Nf6 2. Nf3 e6 3. e3 c5 4. c3 Nc6 5. Bd3 b6 6. O-O Bb7 7. Nbd2 d5 8. Re1
Be7 9. e4 dxe4 10. Nxe4 O-O 11. Nxf6+ Bxf6 12. dxc5 bxc5 13. Qc2 g6 14. Be3 Qe7
15. Rad1 Rfd8 16. Be2 Ne5 17. Nxe5 Bxe5 18. Rxd8+ Rxd8 19. Rd1 Rxd1+ 20. Qxd1
Qd6 21. Qxd6 Bxd6 22. a3 a5 23. Bb5 Kg7 24. Kf1 Kf6 25. f3 e5 26. Ke2 Ke6 27.
Bc4+ Bd5 28. Kd3 f5 29. Bxd5+ Kxd5 30. c4+ Kc6 31. Bd2 Kb6 32. b3 Be7 33. h3
Bd8 34. g4 Kc6 35. Bc3 Bc7 36. Bd2 Bd8 37. Bc3 Bc7 1/2-1/2

[Event "XX Weekend B"]
[Site "Ceriano Laghetto ITA"]
[Date "2011.04.01"]
[Round "1"]
[White "Miracola, Massimiliano"]
[Black "Falchi, Claudio"]
[Result "1-0"]
[WhiteElo "1929"]
[BlackElo "1737"]
[PlyCount "67"]
[EventDate "2011.04.01"]

1. e4 e6 2. d4 d5 3. Nc3 Bb4 4. e5 c5 5. a3 Bxc3+ 6. bxc3 Qa5 7. Bd2 Qa4 8. Qg4
g6 9. Qd1 b6 10. Nf3 Ba6 11. Bxa6 Nxa6 12. h4 h5 13. Bg5 Rc8 14. Rc1 cxd4 15.
cxd4 Rc3 16. O-O Rxa3 17. Ra1 Nc7 18. Rxa3 Qxa3 19. Qd2 Ne7 20. Bf6 Rg8 21. Rb1
Nc6 22. Rb3 Qa1+ 23. Kh2 Qa5 24. Qh6 Ne7 25. Qh7 Rf8 26. Bg7 Rg8 27. Ng5 Qd2
28. Rf3 Qxd4 29. Nxf7 Qxh4+ 30. Kg1 Kd7 31. Bf6 g5 32. Nd6 Kc6 33. Rc3+ Kd7 34.
Qxe7# 1-0

[Event "XX Weekend B"]
[Site "Ceriano Laghetto ITA"]
[Date "2011.04.01"]
[Round "1"]
[White "Monticelli, Francesco"]
[Black "Paganini, Andrea"]
[Result "1/2-1/2"]
[WhiteElo "1672"]
[BlackElo "1844"]
[PlyCount "47"]
[EventDate "2011.04.01"]

1. e4 e5 2. Nf3 Nc6 3. Bc4 Nf6 4. d3 Bc5 5. O-O d6 6. Be3 Bb6 7. Nc3 Bg4 8. Nd5
h6 9. c3 O-O 10. Bxb6 axb6 11. Ne3 Bh5 12. Re1 Na5 13. h3 Qd7 14. a3 Nxc4 15.
Nxc4 b5 16. Ncd2 c5 17. Qc2 Rfc8 18. c4 Bxf3 19. Nxf3 Nh5 20. Nh4 g6 21. Qd2
Kh7 22. Kh2 Nf4 23. Re3 b6 24. Qc1 1/2-1/2

[Event "XX Weekend B"]
[Site "Ceriano Laghetto ITA"]
[Date "2011.04.01"]
[Round "1"]
[White "Pace, Roberto"]
[Black "Coppola, Federico"]
[Result "1-0"]
[WhiteElo "1981"]
[BlackElo "1749"]
[PlyCount "103"]
[EventDate "2011.04.01"]

1. e4 c5 2. Nf3 d6 3. d4 cxd4 4. Nxd4 Nf6 5. Nc3 g6 6. Be2 Bg7 7. Be3 O-O 8.
O-O Nc6 9. Kh1 Ng4 10. Bxg4 Bxg4 11. f3 Be6 12. Nxe6 fxe6 13. Qd2 Rc8 14. Rad1
Ne5 15. Bd4 Nc4 16. Qf2 Nxb2 17. Rb1 Rxc3 18. Bxg7 Kxg7 19. Qd4+ e5 20. Qxc3
Na4 21. Qe3 Nc5 22. f4 exf4 23. Rxf4 e5 24. Rf3 Rxf3 25. Qxf3 Qf6 26. Rd1 Qe6
27. Rf1 Nd7 28. a3 b6 29. h3 Qe7 30. Qd3 Nc5 31. Qd5 Qe6 32. Qxe6 Nxe6 33. Rd1
Nd4 34. a4 Kf7 35. c3 Ne2 36. Rxd6 Ke7 37. Rd3 Nf4 38. Rd2 Ne6 39. Rd5 Nc5 40.
Rxe5+ Kd6 41. Rd5+ Ke7 42. Rd4 Ke6 43. Kg1 Ke5 44. Rc4 h6 45. a5 Nxe4 46. axb6
axb6 47. Rc6 Kf5 48. Kf1 h5 49. Ke2 g5 50. Ke3 h4 51. c4 Ke5 52. Rxb6 1-0

[Event "XX Weekend B"]
[Site "Ceriano Laghetto ITA"]
[Date "2011.04.01"]
[Round "1"]
[White "Palminteri, Vincenzo"]
[Black "Schingaro, Angelo"]
[Result "1-0"]
[WhiteElo "1898"]
[BlackElo "1718"]
[PlyCount "63"]
[EventDate "2011.04.01"]

1. e4 c5 2. c3 d5 3. exd5 Qxd5 4. d4 Nc6 5. Nf3 Bg4 6. Be2 e6 7. O-O Nf6 8. h3
Bh5 9. Be3 cxd4 10. cxd4 Be7 11. Nc3 Qd8 12. Qb3 Qb6 13. Qxb6 axb6 14. Rfd1 O-O
15. d5 exd5 16. Nxd5 Nxd5 17. Rxd5 Bf6 18. a3 Nb4 19. Rd2 Nc2 20. Rc1 Nxe3 21.
Rc7 Nd5 22. Rxb7 Nf4 23. Bf1 Bg6 24. Rd1 Be4 25. Rxb6 Nxh3+ 26. gxh3 Bxf3 27.
Rd2 Be4 28. Bg2 Bxg2 29. Kxg2 Rfe8 30. Rd7 Rab8 31. Rdb7 Rxb7 32. Rxb7 1-0

[Event "XX Weekend B"]
[Site "Ceriano Laghetto ITA"]
[Date "2011.04.01"]
[Round "1"]
[White "Primerano, Carlo"]
[Black "Casonato, Mattias"]
[Result "1-0"]
[WhiteElo "1750"]
[BlackElo "1581"]
[PlyCount "113"]
[EventDate "2011.04.01"]

1. d4 d6 2. c4 g6 3. Nc3 Bg7 4. e4 c6 5. f3 Nd7 6. Be3 a6 7. Bd3 e5 8. d5 c5 9.
Nge2 Ngf6 10. Qd2 O-O 11. g4 Re8 12. h4 h5 13. Ng3 hxg4 14. h5 Nf8 15. hxg6
fxg6 16. Bh6 N6h7 17. Bxg7 Kxg7 18. f4 exf4 19. Qxf4 Qf6 20. Qh6+ Kg8 21. O-O-O
Qg5+ 22. Kb1 Qxh6 23. Rxh6 Re5 24. Rdh1 Kg7 25. R6h4 Nf6 26. Be2 Bd7 27. Kc2
N8h7 28. Kd3 b5 29. Kc2 b4 30. Nd1 Ng5 31. Nf2 Ngxe4 32. Nfxe4 Bf5 33. Bxg4
Rxe4 34. Bxf5 Rxh4 35. Rxh4 gxf5 36. Nxf5+ Kg6 37. Nxd6 Ra7 38. Ne4 a5 39. Nxc5
Rc7 40. Nd3 Nxd5 41. b3 Kg5 42. Rd4 Ne3+ 43. Kd2 Re7 44. c5 Nf1+ 45. Kc1 Re2
46. c6 Ne3 47. Ne5 Rxa2 48. Kb1 Rc2 49. Nc4 Re2 50. c7 Re1+ 51. Ka2 Re2+ 52.
Rd2 Nd5 53. c8=Q Nc3+ 54. Kb2 Rxd2+ 55. Nxd2 Nd1+ 56. Kc2 Ne3+ 57. Kd3 1-0

[Event "XX Weekend B"]
[Site "Ceriano Laghetto ITA"]
[Date "2011.04.01"]
[Round "1"]
[White "Ronconi, Fausto"]
[Black "Monjac, Mislav"]
[Result "0-1"]
[WhiteElo "1749"]
[BlackElo "1982"]
[PlyCount "52"]
[EventDate "2011.04.01"]

1. d4 Nf6 2. c4 e6 3. a3 c5 4. Nf3 a6 5. Nc3 d5 6. dxc5 Bxc5 7. b4 Ba7 8. c5
Nc6 9. Bg5 O-O 10. Nd4 h6 11. Nxc6 bxc6 12. Bh4 Bb8 13. e3 Be5 14. Rc1 a5 15.
b5 cxb5 16. Nxb5 Ba6 17. a4 Bb2 18. Rc2 Bxb5 19. Rxb2 Bxf1 20. Rxf1 g5 21. Bg3
Ne4 22. Qd4 Rc8 23. Rb5 Qe7 24. Rxa5 Nxc5 25. Qd1 Ne4 26. Qb1 Qa3 0-1

[Event "XX Weekend B"]
[Site "Ceriano Laghetto ITA"]
[Date "2011.04.01"]
[Round "1"]
[White "Sala, Giovanni"]
[Black "Pandini, Giuseppe"]
[Result "1-0"]
[WhiteElo "1964"]
[BlackElo "1753"]
[PlyCount "85"]
[EventDate "2011.04.01"]

1. c4 b6 2. Nf3 Bb7 3. g3 e6 4. Bg2 Nf6 5. O-O c5 6. Nc3 Be7 7. b3 O-O 8. Bb2
a6 9. d4 Qc7 10. Rc1 Nc6 11. d5 Na7 12. e4 e5 13. Qd3 d6 14. a4 Bc8 15. Nh4 Nh5
16. Nf5 Bg5 17. Rce1 g6 18. Ne3 Bd7 19. Ne2 Bh6 20. f4 f6 21. f5 Bxe3+ 22. Qxe3
g5 23. Bf3 Ng7 24. h4 h6 25. Kg2 b5 26. axb5 axb5 27. hxg5 hxg5 28. Rh1 bxc4
29. bxc4 Qa5 30. Qg1 Kf7 31. Ra1 Qc7 32. Rh7 Rg8 33. Qh1 Be8 34. Bc3 Kf8 35.
Ba5 Qd7 36. Qh6 Qe7 37. Bb6 Qf7 38. Rxa7 Rxa7 39. Bxa7 Qxa7 40. Qxf6+ Bf7 41.
Qxd6+ Qe7 42. Qb6 Ne8 43. Qh6+ 1-0

[Event "XX Weekend B"]
[Site "Ceriano Laghetto ITA"]
[Date "2011.04.01"]
[Round "1"]
[White "Santarelli, Sabatino"]
[Black "Moroni, Luca jr"]
[Result "0-1"]
[WhiteElo "1654"]
[BlackElo "1815"]
[PlyCount "154"]
[EventDate "2011.04.01"]

1. e4 c5 2. f4 d6 3. Nf3 e6 4. Be2 Nf6 5. d3 Nc6 6. O-O g6 7. c4 Bg7 8. Nc3 O-O
9. h3 Nd7 10. Qe1 Nd4 11. Nxd4 Bxd4+ 12. Kh2 a6 13. Bf3 Bg7 14. Rb1 Qc7 15. b3
Rb8 16. Ne2 b5 17. Bb2 Bxb2 18. Rxb2 bxc4 19. dxc4 Bb7 20. Qg3 Nb6 21. Rd2 Rfd8
22. Rfd1 a5 23. f5 e5 24. Nc3 Bc6 25. Qg5 Nc8 26. f6 Kh8 27. Qxe5 Re8 28. Qg5
Rb4 29. Nd5 Bxd5 30. Rxd5 a4 31. Qh6 Rg8 32. e5 axb3 33. exd6 Nxd6 34. Rxd6 b2
35. Be4 b1=Q 36. Bxb1 Rxb1 37. R1d2 Rb2 38. Kg1 Rb1+ 39. Kf2 Rb2 40. Qf4 Rgb8
41. Kf3 Qb7+ 42. Kg3 Rxd2 43. Rxd2 Qb6 44. h4 Ra8 45. Qe4 Ra3+ 46. Kf2 Qxf6+
47. Kg1 Rc3 48. Qe8+ Kg7 49. Qe4 Rc1+ 50. Kh2 Rf1 51. Kg3 h5 52. a4 g5 53. Re2
Rf4 54. Qe5 Rg4+ 55. Kh2 Rxh4+ 56. Kg1 Rxc4 57. Qxf6+ Kxf6 58. Ra2 Rb4 59. a5
Rb7 60. a6 Ra7 61. Kf2 Ke5 62. Ke3 f6 63. Ra5 Kd5 64. g3 Kc4 65. Ke4 Kb4 66.
Ra1 Kb3 67. Kd5 c4 68. Kc6 c3 69. Kb6 Ra8 70. a7 c2 71. Kb7 Rf8 72. a8=Q Rxa8
73. Kxa8 Kb2 74. Rf1 c1=Q 75. Rxc1 Kxc1 76. Kb7 h4 77. gxh4 gxh4 0-1

[Event "XX Weekend B"]
[Site "Ceriano Laghetto ITA"]
[Date "2011.04.01"]
[Round "1"]
[White "Silini, Bruno"]
[Black "Brigatti, Lorenzo"]
[Result "1/2-1/2"]
[WhiteElo "1661"]
[BlackElo "1830"]
[PlyCount "145"]
[EventDate "2011.04.01"]

1. Nf3 c5 2. c4 g6 3. g3 Bg7 4. Bg2 Nf6 5. Nc3 O-O 6. O-O Nc6 7. e3 d6 8. d4
cxd4 9. exd4 d5 10. c5 Bg4 11. Re1 Re8 12. Qb3 Bxf3 13. Bxf3 Nxd4 14. Qd1 Nxf3+
15. Qxf3 Rc8 16. b4 Ne4 17. Bb2 Nd2 18. Qe2 Nc4 19. Na4 Nxb2 20. Nxb2 e6 21.
Rad1 a5 22. Nc4 Bf8 23. Nxa5 Qc7 24. a3 b6 25. cxb6 Qxb6 26. Rc1 Bh6 27. Rc2
Rc7 28. Rxc7 Qxc7 29. Rd1 Rc8 30. Nb3 Qd7 31. Qa2 Rc3 32. a4 Qc7 33. a5 Rc2 34.
Qa4 Qa7 35. Nc5 Rc4 36. Nd7 Bg7 37. Rb1 Bd4 38. Nb6 Bxb6 39. Qe8+ Kg7 40. axb6
Qxb6 41. Qe7 Rc2 42. Rf1 Rb2 43. h4 Qxb4 44. Qg5 f6 45. Qe3 e5 46. Qa7+ Kh6 47.
Qf7 Rb1 48. Qxd5 Rxf1+ 49. Kxf1 Qb1+ 50. Kg2 Qb4 51. Qe6 Qf8 52. Qd5 Kg7 53. g4
Qf7 54. Qe4 Qe6 55. Kg3 Kf7 56. h5 Qb3+ 57. f3 Qe6 58. h6 f5 59. Qb7+ Qe7 60.
Qb3+ Kf6 61. Qb6+ Kg5 62. Qb1 Kxh6 63. gxf5 Qg5+ 64. Kf2 Qxf5 65. Qc1+ Qf4 66.
Qh1+ Kg5 67. Qxh7 Qh4+ 68. Qxh4+ Kxh4 69. Ke3 Kg5 70. Ke4 Kf6 71. f4 exf4 72.
Kxf4 g5+ 73. Kg4 1/2-1/2

[Event "XX Weekend B"]
[Site "Ceriano Laghetto ITA"]
[Date "2011.04.02"]
[Round "2"]
[White "Brigatti, Lorenzo"]
[Black "Monticelli, Francesco"]
[Result "1/2-1/2"]
[WhiteElo "1830"]
[BlackElo "1672"]
[PlyCount "104"]
[EventDate "2011.04.01"]

1. e4 c6 2. d4 d5 3. e5 Bf5 4. Nf3 e6 5. g3 h6 6. Bg2 c5 7. Nbd2 cxd4 8. Nxd4
Bh7 9. c4 Bc5 10. N2b3 Bxd4 11. Nxd4 Qc7 12. cxd5 Qxe5+ 13. Ne2 exd5 14. O-O
Ne7 15. Re1 O-O 16. Nc3 Qd6 17. Bf4 Qd7 18. Nxd5 Nxd5 19. Bxd5 Nc6 20. Be4 Qxd1
21. Bxh7+ Kxh7 22. Raxd1 Rad8 23. Kg2 Rxd1 24. Rxd1 Rd8 25. Rxd8 Nxd8 26. Kf3
Kg6 27. Ke4 Kf6 28. Kd5 Ke7 29. b4 Kd7 30. b5 a6 31. a4 axb5 32. axb5 Ne6 33.
Be3 h5 34. h4 f6 35. Ke4 g6 36. Kd5 Ke7 37. f3 Kd7 38. Bd2 f5 39. Ke5 Ke7 40.
Be3 Nc7 41. b6 Ne6 42. Bg5+ Kf7 43. f4 Nc5 44. Kd6 Ne4+ 45. Kc7 Nc5 46. Bd8 Ke6
47. Kc8 Kd6 48. Bc7+ Kc6 49. Kd8 Ne6+ 50. Kc8 Nc5 51. Kd8 Ne6+ 52. Kc8 Nc5
1/2-1/2

[Event "XX Weekend B"]
[Site "Ceriano Laghetto ITA"]
[Date "2011.04.02"]
[Round "2"]
[White "Burani, Eugenio"]
[Black "Marchini, Daniele"]
[Result "1-0"]
[WhiteElo "1901"]
[BlackElo "1809"]
[PlyCount "61"]
[EventDate "2011.04.01"]

1. e4 c5 2. Nf3 d6 3. d4 cxd4 4. Nxd4 Nf6 5. Nc3 a6 6. f4 e5 7. Nf3 Nbd7 8.
fxe5 dxe5 9. Bc4 b5 10. Bd5 Rb8 11. Bxf7+ Kxf7 12. Nxe5+ Kg8 13. Nc6 Qc7 14.
Nxb8 Qxb8 15. O-O Bc5+ 16. Kh1 Bb7 17. Bf4 Qa8 18. h3 Kf7 19. Qe2 Re8 20. e5
Kg8 21. Rae1 Nd5 22. Nxd5 Bxd5 23. Qg4 Be6 24. Qg3 Bxa2 25. Bh6 Re7 26. b3 Bd4
27. e6 Nf8 28. Qg4 Qb7 29. Qxd4 gxh6 30. Rxf8+ Kxf8 31. Qh8# 1-0

[Event "XX Weekend B"]
[Site "Ceriano Laghetto ITA"]
[Date "2011.04.02"]
[Round "2"]
[White "Carletti, Davide M."]
[Black "Madaschi, Sergio"]
[Result "1-0"]
[WhiteElo "1723"]
[BlackElo "1620"]
[PlyCount "85"]
[EventDate "2011.04.01"]

1. e4 e6 2. d4 c5 3. Nf3 Nf6 4. Nc3 cxd4 5. Nxd4 d6 6. Be2 Be7 7. O-O O-O 8. f4
Nc6 9. Kh1 Qb6 10. Nxc6 bxc6 11. Bg4 Nxg4 12. Qxg4 Bf6 13. Rf3 Bb7 14. b3 c5
15. Bb2 Bxe4 16. Nd5 Bxf3 17. Nxf6+ Kh8 18. gxf3 Qd8 19. Nxh7 f6 20. Qh3 Kg8
21. Nxf8 Qxf8 22. Qxe6+ Kh8 23. Re1 Rd8 24. f5 d5 25. Rg1 Rd6 26. Qe2 Qf7 27.
Ba3 Rc6 28. Qb5 Qc7 29. Re1 a6 30. Re8+ Kh7 31. Qf1 Qf4 32. Qh3+ Qh6 33. Qxh6+
Kxh6 34. f4 g6 35. Re6 Rxe6 36. fxe6 Kg7 37. Bxc5 g5 38. fxg5 fxg5 39. Kg2 Kf6
40. e7 Kf7 41. Kf3 a5 42. Kg4 d4 43. Kxg5 1-0